Регионална библиотека "Любен Каравелов" - Русе

Съучастие при усложнена престъпна дейност (Запис номер 29000)

MARC детайли
000 -Лидер
Контролно поле с фиксирана дължина 01418nam a2200289 c 4500
003 - Код на организацията, давaща контролен номер
Контролно поле BLK
005 - Дата и час на последна редакция
Контролно поле 20180420220251.0
008 - Елементи от данни с фиксирана дължина
fixed length control field 180407b bul|||||r ||||||| ||bul||
010 ## - Наследен системен номер
LC control number KNG00031608000
020 ## - Международен стандартен номер на книга ISBN
Международен стандартен номер на книга ISBN 954-8981-01-7
-- издат.: Нова звезда
040 ## - Източник на каталожния запис
Идентификатор на билиотеката - собственик на записа BLK
041 ## - Код за език
Код за езика на текст/звукозапис или на отделно заглавие Български
Код за езика КДБФ Български
080 ## - УДК
Текстов определител УДК Специална част на наказателното право. Видове наказуеми действия - Срещу собствена или чужда държава и управлението, политически престъпления,геноцид(прав.аспекти), наркотрафик, против мира, обществен
УДК код - определител по УДК 343.3/.7
УДК определител (075.8)
УДК - код + определител 343.3/.7(075.8)
100 1# - Редна дума - Автор
Автор Владимиров, Румен Петров
Авторска отговорност първи автор
R(LIN) 270045
139 ## - Редно поле
Редна дума Владимиров, Румен Петров
Авторски знак Владим - В 70
245 10 - Сведения за заглавието
Заглавие Съучастие при усложнена престъпна дейност
Подзаглавни данни Уч. за студенти от РУ А. Кънчев - Русе
Редно поле (дума) Румен Петров Владимиров.
257 ## - Страна на издаване
Страна на създаване/издаване България
260 ## - Област на издателските данни
-- Русе
Име на издателя, разпространителя и проч. Нова звезда
Година на издаване 1996
300 ## - Физическа характеристика
Страници 302 с.
Размери/Мащаб 20 см
380 ## - Жанр
Жанр Обществени науки
500 ## - Общи забележки
Забележка Деп. списък: покупка
852 ## - Местоположение
Форматна сигнатура Цб 189130
856 4# - Електронен адрес и достъп
Електронен формат pdf - файл
Път до файла /url/
856 4# - Електронен адрес и достъп
Електронен формат pdf - файл
Път до файла /url/
942 ## - АРТИКУЛИ
Вид на библиотечния материал Книги
Скрит в OPAC Не
944 ## - СЪЗДАВАНЕ И РЕДАКЦИЯ на ЗАПИСА
Създаване/Редакция Създаване
Дата на регистрацията/редакция 15.01.2003
Служител, извършил регистрацията/редакцията Кети_Илиева
944 ## - СЪЗДАВАНЕ И РЕДАКЦИЯ на ЗАПИСА
Създаване/Редакция Редакция
Дата на регистрацията/редакция 05.07.2006
Служител, извършил регистрацията/редакцията
999 ## - СИСТЕМНИ КОНТРОЛНИ НОМЕРА
Koha biblionumber 29000
Koha biblioitemnumber 29000
Наличности
Код за отписване Код за изгубен артикул Източник на класификационната схема Код за повреда Коз за рестрикции Код за отдаване Артикулен № Име на библиотеката - собственик Име на библиотеката, в която се намира в момента Статус (Текущо местоположение) Дата на вписване в системата Местоположение - отдел Цена в лева Инвентарен номер Систематично азбучна сигнатура Баркод Номер на екземпляра Цена в евро Служебна бележка Служебен тип на артикула
  Не е изгубен Universal Decimal Classification Не е повреден без рестрикции ползва се в читалня 46611 Регионална библиотека "Любен Каравелов" Русе Регионална библиотека "Любен Каравелов" Русе Читалня 2001-01-01 Читалня 2.04 622897 Ч 343/В 70 120000622897 1 1.04 Дата инв: 14.03.2017 Бележки инв: Ч2017 Книги
Изтеглен Не е изгубен Universal Decimal Classification Не е повреден без рестрикции заемане за дома 46612 Регионална библиотека "Любен Каравелов" Русе Регионална библиотека "Любен Каравелов" Русе Заемна - подръчен фонд 2001-01-01 Заемна - подръчен фонд 2.04 622898 П 343/В 70 622898 2 1.04   Книги
Vip Innovations Ltd, Rousse, Bulgaria 2025